00521nam a2200205 a 4500001001300000003000900013005001700022008004100039020001000080082001700090100001900107245002700126260003400153300000900187500003500196505001300231650002600244650002600270700001900296nice12345678IN_TiNIC20260116012847.0050524s1982 siaa grp 000 0 urd  ac10000a297.122bKHA aKhan, Barkat A aKaon Najat Desakta Hai aSialkotebBarkat a Khanc1982 a12p. aincludes index and biblioraphy2 aArticles aChristianity-Vs Islam aPolemics-Christianity1 aKhan, Barkat A